00928nam a22002177a 4500003000500000005001700005008004100022010001000063011001000073035001000083040000900093082001200102100003100114245007500145260011300220300001900333490013500352650004700487650004100534830013500575CHAP20220329135437.0971013s1993 r 00010 d a36596 a37568 a41688 cCHAP a574bL400aLeón Trueba, Ana Isabel. aEnseñanza y aprendizaje de las ciencias naturales y lat tecnología aMéxico, D. F. :bcomité Organizador del 2do. Congreso Nacional de Investigación Educativa, 1993,c1993 a2 v. en 1 tomo ala investigación educativa en los Ochenta, perspectiva para los Noventa. Estados de Conocimiento. Fascículo, 1-2. Cuaderno 11)14aCiencias naturalesxEstudio y enseñanza.14aTecnologíaxEstudio y enseñanza.0 ala investigación educativa en los Ochenta, perspectiva para los Noventa. Estados de Conocimiento. Fascículo, 1-2. Cuaderno 11)